Les films dans lesquels a joué Mel Gibson - Statistiques

Statistiques générales
  • Ce quiz a été pris 10 fois
  • Le résultat moyen est 9 sur 61
Statistiques - réponses
Année de sortie Film % Correct
1987 L'Arme fatale
100%
1989 L'Arme fatale 2
100%
1979 Mad Max
100%
1981 Mad Max 2: Le Défi
100%
1985 Mad Max: Au-delà du dôme du tonnerre
100%
1992 L'Arme fatale 3
89%
1998 L'Arme fatale 4
89%
1995 Braveheart
67%
2000 Ce que veulent les femmes
67%
2002 Signes
22%
2000 The Patriot: Le Chemin de la liberté
22%
2016 Blood Father
11%
1990 Comme un oiseau sur la branche
11%
1996 La Rançon
11%
1984 Le Bounty
11%
1994 Maverick
11%
1999 Payback
11%
2022 Agent Game
0%
1990 Air America
0%
2022 Bandit
0%
2024 Boneyard
0%
2021 Boss Level
0%
1995 Casper
0%
1997 Complots
0%
2023 Confidential Informant
0%
2021 Dangerous
0%
2023 Desperation Road
0%
1996 Drôles de pères
0%
2014 Expandables 3
0%
2020 Fatman
0%
1982 Force de frappe
0%
2020 Force of Nature
0%
1992 Forever Young
0%
1981 Gallipoli
0%
1990 Hamlet
0%
2010 Hors de contrôle
0%
2022 Hot Seat
0%
2025 Hunting Season
0%
2012 Kill the Gringo
0%
1982 L'Année de tous les dangers
0%
1984 La Rivière
0%
2011 Le Complexe du castor
0%
1997 Le Mystère des fées : Une histoire vraie
0%
1993 L'Homme sans visage
0%
2013 Machete Kills
0%
2024 Monster Summer
0%
1984 Mrs.Soffel
0%
2002 Nous étions soldats
0%
2022 On the Line
0%
2022 Panama
0%
2004 Paparazzi: Objectif chasse à l'homme
0%
2022 Père Stu: Un héros pas comme les autres
0%
1977 Summer City
0%
1988 Tequila Sunrise
0%
2000 The Million Dollar Hotel
0%
2019 The Professor and the Madman
0%
2003 The Singing Detective
0%
1979 Tim
0%
2018 Traîné sur le bitume
0%
2017 Very Bad Dads 2
0%
2021 Waldo, détective privé
0%
Aucun quiz correspondant
Distribution des résultats
% des personnes avec chaque résultat
Percentile par nombre de réponses
Votre historique - résultats
Vous n’avez pas pris ce quiz